| 000 | 01031cam a22003251 4500 | ||
|---|---|---|---|
| 001 | 76945 | ||
| 003 | BD-RjUL | ||
| 005 | 20211209082916.0 | ||
| 008 | 200207s1963 enkcf b 001 0 eng | ||
| 035 | _a(BD-RjUL)77169 | ||
| 035 | _a(OCoLC)2621209 | ||
| 040 |
_aDLC _cOClW _dOCoLC _dUk _dDLC _beng |
||
| 041 | _aeng | ||
| 042 | _apremarc | ||
| 082 |
_223 _a750 _bHAP 1963 |
||
| 100 | 1 |
_aHaskell, Francis, _d1928- _9239018 |
|
| 245 | 1 | 0 |
_aPatrons and painters; _ba study in the relations between Italian art and society in the age of the baroque / _cFrancis Haskell |
| 260 |
_aLondon: _bChatto & Windus, _c1963. |
||
| 300 |
_axix, 454 p. : _b64 plates (incl. ports.) ; _c26 cm. |
||
| 504 | _aBibliography: p. [396]-421. | ||
| 650 | 0 |
_aArt patronage. _9239019 |
|
| 650 | 0 |
_aArt and society. _9239020 |
|
| 650 | 0 |
_aArt, Italian. _9239021 |
|
| 650 | 0 |
_aArt, Baroque. _9239022 |
|
| 906 |
_a7 _bcbc _coclcrpl _du _encip _f19 _gy-gencatlg |
||
| 942 |
_2ddc _cBK |
||
| 999 |
_c76945 _d76945 |
||